Most Screen Time in Star Wars II: Attack of the Clones - Statistics

General Stats
  • This quiz has been taken 93 times
  • The average score is 9 of 10
Answer Stats
Hint Answer % Correct
34 min Obi-Wan Kenobi
100%
48 min Anakin Skywalker
96%
32.25 min Padmé Amidala
94%
9.75 min Yoda
94%
9.5 min Count Dooku
93%
7 min Mace Windu
89%
4.75 min Jango Fett
79%
5.25 min R2-D2
69%
4.25 min C-3PO
68%
4 min Palpatine
67%
No matching quizzes found
Score Distribution
Percent of People with Each Score
Percentile by Number Answered
Your Score History
You have not taken this quiz